Soils and Fertilizers (Record no. 9493)

MARC details
000 -LEADER
fixed length control field 00515nam a22002057a 4500
003 - CONTROL NUMBER IDENTIFIER
control field OSt
005 - DATE AND TIME OF LATEST TRANSACTION
control field 20241205111653.0
008 - FIXED-LENGTH DATA ELEMENTS--GENERAL INFORMATION
fixed length control field 241205b |||||||| |||| 00| 0 eng d
020 ## - INTERNATIONAL STANDARD BOOK NUMBER
International Standard Book Number 8190228935
040 ## - CATALOGING SOURCE
Transcribing agency DDC
082 ## - DEWEY DECIMAL CLASSIFICATION NUMBER
Classification number 631.4 MAC 2005
100 ## - MAIN ENTRY--PERSONAL NAME
Personal name Macself, A. J.
9 (RLIN) 19345
245 ## - TITLE STATEMENT
Title Soils and Fertilizers
260 ## - PUBLICATION, DISTRIBUTION, ETC. (IMPRINT)
Place of publication, distribution, etc. Delhi; Satish serial publishing, 2005
300 ## - PHYSICAL DESCRIPTION
Extent 225p; ill: 22cm
504 ## - BIBLIOGRAPHY, ETC. NOTE
Bibliography, etc Index included
650 ## - SUBJECT ADDED ENTRY--TOPICAL TERM
Topical term or geographic name as entry element Soils
9 (RLIN) 15311
650 ## - SUBJECT ADDED ENTRY--TOPICAL TERM
Topical term or geographic name as entry element Fertilizers
9 (RLIN) 19346
942 ## - ADDED ENTRY ELEMENTS (KOHA)
Source of classification or shelving scheme Dewey Decimal Classification
Koha item type Open Shelf
Holdings
Withdrawn status Lost status Source of classification or shelving scheme Damaged status Not for loan Home library Current library Date acquired Source of acquisition Inventory number Total Checkouts Full call number Barcode Date last seen Koha item type
    Dewey Decimal Classification     MUST Main Library MUST Main Library 05/12/2024 purchase 08/30965   631.4 MAC 2005 2024-22592 05/12/2024 Open Shelf
    Dewey Decimal Classification     MUST Main Library MUST Main Library 05/12/2024 purchase 08/30966   631.4 MAC 2005 2024-22593 05/12/2024 Open Shelf